La formación de la mujer cristiana (Record no. 13890)
[ view plain ]
| 000 -LEADER | |
|---|---|
| campo de control de longitud fija | 01427nam a2200313 i 4500 |
| 001 - NÚMERO DE CONTROL | |
| campo de control | 13890 |
| 003 - IDENTIFICADOR DE NÚMERO DE CONTROL | |
| campo de control | ES-MaACL |
| 005 - FECHA Y HORA DE LA ÚLTIMA TRANSACCIÓN | |
| campo de control | 20250823063028.0 |
| 007 - CAMPO FIJO DE DESCRIPCIÓN FÍSICA--INFORMACIÓN GENERAL | |
| campo de control de longitud fija | t| |
| 008 - DATOS DE LONGITUD FIJA--INFORMACIÓN GENERAL | |
| campo de control de longitud fija | 980722s1994 sp |||| | spa d |
| 020 ## - NÚMERO INTERNACIONAL ESTÁNDAR DEL LIBRO | |
| Número Internacional Estándar del Libro | 84-88639-33-3 |
| 080 ## - NÚMERO DE LA CLASIFICACIÓN DECIMAL UNIVERSAL | |
| Número de la Clasificación Decimal Universal | 265.5 |
| 080 ## - NÚMERO DE LA CLASIFICACIÓN DECIMAL UNIVERSAL | |
| Número de la Clasificación Decimal Universal | 37.04-055.2 |
| 100 1# - ENTRADA PRINCIPAL--NOMBRE DE PERSONA | |
| Nombre de persona | Vives, Juan Luis, |
| Fechas asociadas al nombre | 1492-1540 |
| 9 (RLIN) | 115574 |
| 245 13 - MENCIÓN DEL TÍTULO | |
| Título | La formación de la mujer cristiana |
| Resto del título | = De institutione feminae christianae / |
| Mención de responsabilidad, etc. | Juan Luis Vives ; introducción, traducción y notas por Joaquín Beltrán Serra. |
| 246 11 - FORMA VARIANTE DEL TITULO | |
| Título propio/Titulo breve | De institutione feminae christianae |
| 260 ## - PUBLICACIÓN, DISTRIBUCIÓN, ETC. | |
| Lugar de publicación, distribución, etc. | Valencia : |
| Nombre del editor, distribuidor, etc. | Ajuntament de Valencia, |
| Fecha de publicación, distribución, etc. | 1994. |
| 300 ## - DESCRIPCIÓN FÍSICA | |
| Extensión | 413 p. ; |
| Dimensiones | 22 cm. |
| 490 1# - MENCIÓN DE SERIE | |
| Mención de serie | Colección J.L. Vives ; |
| Designación de volumen o secuencia | 4A |
| 500 ## - NOTA GENERAL | |
| Nota general | Acompaña a: De officio mariti = Los deberes del marido / Juan Luis Vives. Valencia : Ajuntament, 1994 (Colección J.L. Vives; 4A). Sign. en Biblioteca del Ateneo: L-21070. |
| 500 ## - NOTA GENERAL | |
| Nota general | Acompaña a: Hombre-mujer en Vives: itinerario para la reflexión / León Esteban Mateo. Valencia : Ajuntament, 1994 (Colección J.L. Vives; 4B). Sign. en Biblioteca del Ateneo: L-21072. |
| 650 #4 - PUNTO DE ACCESO ADICIONAL DE MATERIA--TÉRMINO DE MATERIA | |
| Término de materia o nombre geográfico como elemento de entrada | Matrimonio- |
| Subdivisión general | Aspectos religiosos- |
| -- | Cristianismo. |
| 9 (RLIN) | 162990 |
| 650 #4 - PUNTO DE ACCESO ADICIONAL DE MATERIA--TÉRMINO DE MATERIA | |
| Término de materia o nombre geográfico como elemento de entrada | Mujeres- |
| Subdivisión general | Educación |
| 9 (RLIN) | 12094 |
| 700 1# - ENTRADA AGREGADA--NOMBRE PERSONAL | |
| Nombre de persona | Beltrán Serra, Joaquín. |
| 9 (RLIN) | 27378 |
| 710 1# - ENTRADA AGREGADA--NOMBRE DE ENTIDAD CORPORATIVA | |
| Nombre de entidad corporativa o nombre de jurisdicción como elemento de entrada | Valencia. |
| Unidad subordinada | Ayuntamiento. |
| 9 (RLIN) | 7531 |
| 830 0# - PUNTO DE ACCESO ADICIONAL DE SERIE-TÍTULO UNIFORME | |
| Título uniforme | Colección J.L. Vives ; |
| Designación de volumen o secuencia | 4A |
| 9 (RLIN) | 179554 |
| 852 ## - LOCALIZACIÓN | |
| Ubicación | ES-MaACL |
| Número de control de estantería | L-21071 |
| Estatus retirado | Estado de pérdida | Estado de daño | No para préstamo | Biblioteca de origen | Biblioteca actual | Ubicación en estantería | Fecha de adquisición | Fuente de adquisición | Total de préstamos | Signatura topográfica completa | Código de barras | Visto por última vez | Precio de reemplazo | Tipo de ítem Koha |
|---|---|---|---|---|---|---|---|---|---|---|---|---|---|---|
| Biblioteca del Ateneo de Madrid | Biblioteca del Ateneo de Madrid | Depósito 2 | 17/01/2008 | L-21071 | 1014134 | 23/02/2023 | 23/02/2023 | Libro impreso |
